000 00301nam a22001457a 4500
008 210225b ||||| |||| 00| 0 eng d
020 _a9781259934445
041 _aeng
080 _a37
082 _a37
100 _a46
101 _aEDU
245 _aHuskies Write
_cVeeder, R
942 _2udc
_cBK
999 _c55214
_d55214